Cestovný ruch v krajinách Podunajskej oblasti

Význam Dunaja pre Európu. Cestovný ruch na rieke Dunaj v krajinách, cez ktoré preteká - Nemecko, Rakúsko, Maďarsko, Chorvátsko, Rumunsko, Juhoslávia a Slovensko.

Salvato in:
Dettagli Bibliografici
Autore principale: Kováčiková, Zuzana
Natura: Capitolo di libro
Lingua:slovacco
Soggetti:
Tags: Aggiungi Tag
Nessun Tag, puoi essere il primo ad aggiungerne!!

MARC

LEADER 00000naa a2200000 4500
001 r046691
005 20230426123654.2
041 0 |a slo 
044 |a SK 
245 1 0 |a Cestovný ruch v krajinách Podunajskej oblasti  |c Zuzana Kováčiková 
520 |a Význam Dunaja pre Európu. Cestovný ruch na rieke Dunaj v krajinách, cez ktoré preteká - Nemecko, Rakúsko, Maďarsko, Chorvátsko, Rumunsko, Juhoslávia a Slovensko. 
610 2 0 |a ruch cestovný 
610 2 0 |a rieky medzinárodné 
610 2 0 |a Nemecko 
610 2 0 |a Rakúsko 
610 2 0 |a Maďarsko 
610 2 0 |a Slovensko 
610 2 0 |a Chorvátsko 
610 2 0 |a Rumunsko 
610 2 0 |a Juhoslávia 
100 1 |a Kováčiková, Zuzana